Studies on the effects of polyunsaturated fatty acids and some natural products on interleukin-2 levels and cell proliferation in normal and abnormal human lymphocytes /
Saved in:
| Main Author: | |
|---|---|
| Format: | Thesis Book |
| Language: | English |
| Published: |
1994.
|
| Subjects: | |
| Tags: |
Add Tag
No Tags, Be the first to tag this record!
|
| LEADER | 00952cam a2200253 a 4500 | ||
|---|---|---|---|
| 001 | u366199 | ||
| 003 | SIRSI | ||
| 008 | 950109s1994 si v 00 1 eng m | ||
| 035 | |a ABU-8693 | ||
| 040 | |a UMM | ||
| 090 | |a QR185.8 |b L9Dev | ||
| 100 | 1 | 0 | |a Devi, M. Ambika. |
| 245 | 1 | 0 | |a Studies on the effects of polyunsaturated fatty acids and some natural products on interleukin-2 levels and cell proliferation in normal and abnormal human lymphocytes / |c by M. Ambika Devi. |
| 260 | |c 1994. | ||
| 300 | |a xv, 136 leaves : |b ill. ; |c 30 cm. | ||
| 502 | |a Dissertation (M.Sc.) -- National University of Singapore, 1994. | ||
| 504 | |a Bibliography: leaves 112-136. | ||
| 650 | 0 | |a Unsaturated fatty acids. | |
| 650 | 0 | |a Lymphocytes |x Effect of flavonoids on | |
| 650 | 0 | |a Cell transformation. | |
| 650 | 0 | |a Interleukin-2 | |
| 948 | |a 09/01/1995 |b 25/11/2000 | ||
| 596 | |a 1 | ||
| 999 | |a QR185.8 L9DEV |w LC |c 1 |i A506003434 |d 27/4/2000 |l STACKS |m P01UTAMA |n 2 |r Y |s Y |t TESIS |u 16/8/1996 | ||
